[Event "Girona Gerunda op"]
[Site "Girona"]
[Date "2022.04.22"]
[Round "1"]
[White "Martin Mansilla, Josep Antoni"]
[Black "Jorda Garcia, Carles"]
[Result "0-1"]
[WhiteElo "1428"]
[BlackElo "1956"]
[PlyCount "52"]
[EventDate "2022.04.22"]
[EventType "swiss"]
[EventRounds "8"]
[EventCountry "ESP"]
[SourceTitle "EXT 2023"]
[Source "ChessBase"]
[SourceDate "2022.10.05"]
[SourceVersion "1"]
[SourceVersionDate "2022.10.05"]
[SourceQuality "1"]

1. d4 Nf6 2. Bf4 e6 3. e3 c5 4. c3 Nc6 5. Nd2 d5 6. Bd3 Bd6 7. Bg3 e5 8. Bc2 cxd4 9. exd4 exd4 10. Qe2+ Be7 11. Be5 dxc3 12. bxc3 Nxe5 13. Qxe5 0-0 14. Ngf3 Bd6 15. Qd4 Re8+ 16. Kd1 b6 17. a3 Ba6 18. Bd3 Bc5 19. Bxh7+ Nxh7 20. Qf4 Qf6 21. Qxf6 Nxf6 22. Kc2 Bxf2 23. Rad1 Rac8 24. Kb2 Re2 25. Nd4 Bxd4 26. cxd4 Ne4 0-1

[Event "Santa Eugenia op 14th"]
[Site "Girona"]
[Date "2019.07.29"]
[Round "1"]
[White "Horta Gafarot, Biel"]
[Black "Martin Mansilla, Josep Antoni"]
[Result "1-0"]
[WhiteElo "1826"]
[BlackElo "1493"]
[PlyCount "61"]
[EventDate "2019.07.29"]
[EventType "swiss"]
[EventRounds "9"]
[EventCountry "ESP"]
[SourceTitle "EXT 2020"]
[Source "ChessBase"]
[SourceDate "2019.10.17"]
[SourceVersion "1"]
[SourceVersionDate "2019.10.17"]
[SourceQuality "1"]

1. Nf3 Nf6 2. c4 Nc6 3. Nc3 g6 4. d4 d5 5. cxd5 Nxd5 6. e4 Nxc3 7. bxc3 Bg7 8. Be2 0-0 9. 0-0 Bg4 10. Qa4 Bxf3 11. Bxf3 e5 12. d5 Ne7 13. Rb1 b6 14. Ba3 Re8 15. Be2 Bf6 16. Bb5 Rf8 17. Qc4 Qc8 18. Ba6 Qd7 19. Rfd1 Rfd8 20. d6 Nc6 21. Bb5 Na5 22. Qxc7 Qg4 23. f3 Qe6 24. d7 Be7 25. Bxe7 Qxe7 26. Rd5 f6 27. Rbd1 Kg7 28. c4 Rab8 29. c5 Nb7 30. c6 Nc5 31. Qxb8 1-0

[Event "Sant Gregori op 4th"]
[Site "Sant Gregori"]
[Date "2019.07.08"]
[Round "1.6"]
[White "Xifra Tome, Bernat"]
[Black "Martin Mansilla, Josep Antoni"]
[Result "1-0"]
[WhiteElo "1773"]
[BlackElo "1493"]
[PlyCount "53"]
[EventDate "2019.07.08"]
[EventType "swiss"]
[EventRounds "7"]
[EventCountry "ESP"]
[SourceTitle "EXT 2024"]
[Source "ChessBase"]
[SourceDate "2023.10.10"]
[SourceVersion "1"]
[SourceVersionDate "2023.10.10"]
[SourceQuality "1"]

1. e4 e5 2. Nf3 Nc6 3. d4 exd4 4. Nxd4 Bc5 5. Nb3 Bb6 6. Nc3 d6 7. Qe2 Be6 8. Be3 Nf6 9. 0-0-0 Qe7 10. f3 Bxb3 11. cxb3 Bxe3+ 12. Qxe3 0-0 13. g4 Rfd8 14. g5 Nd7 15. Nd5 Qf8 16. Nxc7 Rac8 17. Nd5 Nb4+ 18. Kb1 Nxd5 19. Rxd5 Nb6 20. Rd2 Qe7 21. h4 d5 22. Bh3 Rc7 23. Rhd1 Rd6 24. Qf4 d4 25. Rxd4 Rxd4 26. Rxd4 g6 27. Qf6 1-0

[Event "Gironi-ch B"]
[Site "Sant Gregori"]
[Date "2007.10.07"]
[Round "1.2"]
[White "Martin Mansilla, Josep Antoni"]
[Black "Garcia Musellas, Galla"]
[Result "0-1"]
[WhiteElo "1707"]
[BlackElo "1837"]
[PlyCount "54"]
[EventDate "2007.10.07"]
[EventType "swiss"]
[EventRounds "8"]
[EventCountry "ESP"]
[SourceTitle "EXT 2024"]
[Source "ChessBase"]
[SourceDate "2023.10.10"]
[SourceVersion "1"]
[SourceVersionDate "2023.10.10"]
[SourceQuality "1"]

1. e4 e5 2. Nf3 Nc6 3. Bb5 a6 4. Ba4 d6 5. c3 Nf6 6. d3 Be7 7. 0-0 Bg4 8. Re1 0-0 9. Nbd2 b5 10. Bc2 d5 11. Nf1 d4 12. Bg5 Re8 13. h3 Be6 14. Ng3 h6 15. Bxf6 Bxf6 16. Qd2 Qd6 17. Nh5 Be7 18. Rac1 Qd7 19. Kh2 dxc3 20. Qxc3 Bb4 21. Nxe5 Qd6 22. Qxc6 Qxe5+ 23. f4 Qxh5 24. Bd1 Qh4 25. Rf1 Bd2 26. Rc5 Bxf4+ 27. Kg1 Be3+ 0-1